La teoría austríaca de ciclos económicos y la crisis subprime /

Guardado en:
Otros Autores: Dennehy, Nicolás Andrés. (Disertante), Tortul, Marina. (Orientador)
Formato: Manuscrito
Idioma:Spanish
Publicado: 2016.
Materias:
Acceso en línea:RIDE (Texto completo)
Etiquetas: Agregar Etiqueta
Sin Etiquetas, Sea el primero en etiquetar este registro!
LEADER 01162ntm a22002895a 4500
001 EEO.eeo003113
008 180228s2016####ag#####g#bm###000#0#spa#d
005 20220916125019.0
245 1 3 |a La teoría austríaca de ciclos económicos y la crisis subprime /  |c Nicolás Andrés Dennehy. 
260 |c 2016. 
300 |a 43 h. ;  |c 30 cm. 
502 |a Tesis (licenciatura)--Universidad Nacional del Sur. Departamento de Economía, 2016. 
500 |a Director de tesis: Marina Tortul. 
504 |a Bibliografía: (p. 39-43). 
530 |a Disponible también en formato digital. 
100 1 |a Dennehy, Nicolás Andrés.  |4 dis 
700 1 |a Tortul, Marina.  |4 ths 
710 2 |a Universidad Nacional del Sur.  |b Departamento de Economía  |4 dgg 
650 7 |a Ciclos económicos.  |2 Isoc 
650 7 |a Crisis económicas.  |2 Isoc 
650 7 |a Política económica.  |2 Isoc 
650 7 |a Escuela austríaca.  |2 Isoc 
653 |a Tesis-Lic. en economía 
653 |a Tesis digitales 
040 |a AR-BaUEB  |b spa  |c AR-BaUEB 
856 4 1 |3 RIDE (Texto completo)  |u https://repositoriodigital.uns.edu.ar/handle/123456789/6209 
859 |a AR-BaUEB  |b BIB. ECONOMIA - General  |h I-UNS-T475  |p e15124